An artist of the floating world /
Uložené v:
| Hlavný autor: | |
|---|---|
| Médium: | Kniha |
| Jazyk: | English |
| Vydané: |
London :
Faber and Faber,
2005.
|
| Vydanie: | 1st ed. |
| Témy: | |
| ISBN: |
9780571225361 (brož.) 0571225365 (brož.) |
| Fyzický popis: |
206 s. ; 20 cm. |
| Tagy: |
Pridať tag
Žiadne tagy, Buďte prvý kto otaguje tento záznam!
|
Titul je dostupný aj v ... 

MARC
| LEADER | 00000nam a22000004a 4500 | ||
|---|---|---|---|
| 001 | 000297607 | ||
| 005 | 20071012084025.0 | ||
| 008 | 070709s2005 xxk e 000 f eng d | ||
| 020 | |a 9780571225361 (brož.) | ||
| 020 | |a 0571225365 (brož.) | ||
| 040 | |a SVKKK |b slo |c SVKKK |e AACR2 | ||
| 041 | 0 | |a eng | |
| 044 | |a xxk |c GB | ||
| 072 | 7 | |a 821.521 |x Japonská literatúra |2 konspekt | |
| 080 | |a 821.521-31 |2 2001 | ||
| 080 | |a (0:82-31) |2 2001 | ||
| 100 | 1 | |a Ishiguro, Kazuo, |d 1954- | |
| 245 | 1 | 0 | |a An artist of the floating world / |c Kazuo Ishiguro. |
| 250 | |a 1st ed. | ||
| 260 | |a London : |b Faber and Faber, |c 2005. | ||
| 300 | |a 206 s. ; |c 20 cm. | ||
| 655 | 7 | |a japonské romány |2 SVKKKPH | |
| 910 | |a svkkk | ||
| 919 | |a 978-0-571-22536-1 | ||
| 919 | |a 0-571-22536-5 | ||
| 998 | |a BK | ||
| 090 | |g SCKUS |k Americké centrum |a III.207312 |j 991038 |i 2720076235 |s Voľný výber | ||